| 000 | 01572nam a22004217a 4500 | ||
|---|---|---|---|
| 003 | CHAP | ||
| 005 | 20220329141249.0 | ||
| 008 | 971010s1978 r 00010 d | ||
| 010 | _a65397 | ||
| 011 | _a66369 | ||
| 035 | _a74480 | ||
| 040 | _cCHAP | ||
| 090 | _aTesis | ||
| 100 | 0 | 0 |
_aHernández Montes, Arturo. _954363 |
| 245 | _aDeterminación del período óptimo de producción de pectina y de las condiciones para su extracción en tejocote (Crataegus mexicana) | ||
| 260 |
_aChapingo, Méx. : _bEl autor, _c1978 |
||
| 300 |
_a96 h. _b: ilus. gráfs. |
||
| 500 | _ac.4-5 en bodega | ||
| 502 | _aTesis (Ing. Agr. Esp. en Industrias Agrícolas) -- ENA. Departamento de Industrias Agrícolas | ||
| 590 |
_aALEPH _b10 _c20130110 _lUCH01 _h1356 |
||
| 590 |
_aBATCH-UPD _b10 _c20130110 _lUCH01 _h1559 |
||
| 590 |
_aBATCH-UPD _b10 _c20130410 _lUCH01 _h0956 |
||
| 590 |
_aBATCH-UPD _b10 _c20130914 _lUCH01 _h1610 |
||
| 590 |
_aCONVERSION _b10 _c20130109 _lUCH01 _h1336 |
||
| 650 | 1 | 4 |
_aTejocote. _9112033 |
| 650 | 1 | 4 |
_aTejocote _xPectina en. _9112061 |
| 901 | _aBK | ||
| 942 | _cFOLL | ||
| 949 |
_bBC _cTES _d-143278 _eTS1 _h19275 _i74480 _si |
||
| 949 |
_bBC _cTES _d-143279 _eTS2 _fc.2 _h10276 _i74480 _si |
||
| 949 |
_bBC _cTES _d-143280 _eTS2 _fc.3 _h19277 _i74480 _si |
||
| 949 |
_bIA _cTESBD _d-65225 _eTS2 _fc.2 _i74480 _si |
||
| 949 |
_bIA _cTESBD _d-65226 _eTS2 _fc.3 _i74480 _si |
||
| 949 |
_bIA _cTESBD _d-65227 _eTS2 _fc.4 _i74480 _si |
||
| 949 |
_bIA _cTESBD _d-65228 _eTS2 _fc.5 _i74480 _si |
||
| 949 |
_bIA _cTESBD _d-65229 _eTS2 _fc.6 _i74480 _si |
||
| 949 |
_bIA _cTESBD _d-7350 _eTS1 _i74480 _si |
||
| 999 |
_c65397 _d65397 |
||